LEADER 00941nam0-22003011i-450- 001 990001439850403321 005 20090716124936.0 010 $a0-387-98531-X 035 $a000143985 035 $aFED01000143985 035 $a(Aleph)000143985FED01 035 $a000143985 100 $a20001205d1998----km-y0itay50------ba 101 0 $aita 200 1 $aUnderstanding personal computer hardware$eeverything you need to know to be an informed PC User, PC Buyer, PC Upgrader$fSteven Roman 210 $aNew York$cSpringer$dc1998 215 $axxi, 440 p.$cill.$d24 cm 300 $acontiene 150 illustrazioni + 1 cd-rom 610 0 $aComputer science$aPc hardware 676 $a004.1 700 1$aRoman,$bSteven$057255 801 0$aIT$bUNINA$gRICA$2UNIMARC 901 $aBK 912 $a990001439850403321 952 $a004.1-ROM-1$b179$fSC1 959 $aSC1 996 $aUnderstanding personal computer hardware$933312 997 $aUNINA LEADER 01248cam0-22004211i-450- 001 990000203010403321 005 20060628105121.0 035 $a000020301 035 $aFED01000020301 035 $a(Aleph)000020301FED01 035 $a000020301 100 $a20020821g19591961km-y0itay50------ba 101 1 $afre$cger 102 $aFR 105 $aa---j---001yy 200 1 $aManuel de base de l'ingénieur$frédigé par Stig H. Tideström 210 $aParis$cDunod$d1959-1961 215 $a2 v. (XVIII, 648; 641 p.)$cill.$d23 cm 327 1 $a1.: Mathématiques, méchanique / traduit par P. Chaumelle et A. Prévot. - 1959$a2.: Physique, chimie, atomistique / trad. par P. Chaumelle et J. Auxenfans. - 1961 454 0$12001$aIngenjörshandboken 610 0 $aMeccanica 610 0 $aManuali 610 0 $aMatematica 676 $a510 676 $a537 676 $a536 702 1$aTideström,$bStig H.: son 702 1$aChaumelle,$bPierre 801 0$aIT$bUNINA$gRICA$2UNIMARC 901 $aBK 912 $a990000203010403321 952 $a13 G 54 03$b23599$fFINBC 952 $a02 5 E 5$b1351$fFINBN 952 $a03 MN.0,44$b1127$fIINTC 959 $aFINBC 959 $aFINBN 959 $aIINTC 997 $aUNINA LEADER 01294nam 2200433 450 001 9910464413903321 005 20200520144314.0 010 $a1-78084-448-4 010 $a1-78084-447-6 035 $a(CKB)3440000000001038 035 $a(MiAaPQ)EBC5092355 035 $a(Au-PeEL)EBL5092355 035 $a(CaPaEBR)ebr11451897 035 $a(OCoLC)954256188 035 $a(EXLCZ)993440000000001038 100 $a20171107h20152015 uy 0 101 0 $aeng 135 $aurcnu|||||||| 181 $2rdacontent 182 $2rdamedia 183 $2rdacarrier 200 00$aCurrent issues with influenza management /$feditor, Viroj Wiwanitkit 210 1$aLondon, England :$cFuture Medicine Ltd,$d2015. 210 4$d©2015 215 $a1 online resource (147 pages) $cillustrations (some color), tables 311 $a1-78084-449-2 320 $aIncludes bibliographical references at the end of each chapters and index. 606 $aAnimals$xDiseases 608 $aElectronic books. 615 0$aAnimals$xDiseases. 676 $a636.0893 702 $aViroj Wiwanitkit 801 0$bMiAaPQ 801 1$bMiAaPQ 801 2$bMiAaPQ 906 $aBOOK 912 $a9910464413903321 996 $aCurrent issues with influenza management$91914210 997 $aUNINA